Humanity (Record no. 519)

000 -LEADER
fixed length control field 02309nam a22006377a 4500
001 - CONTROL NUMBER
control field 11276307
003 - CONTROL NUMBER IDENTIFIER
control field LIBRIS
005 - DATE AND TIME OF LATEST TRANSACTION
control field 20241105172529.0
006 - FIXED-LENGTH DATA ELEMENTS--ADDITIONAL MATERIAL CHARACTERISTICS
fixed length control field m | |
007 - PHYSICAL DESCRIPTION FIXED FIELD--GENERAL INFORMATION
fixed length control field cr ||| |||||
007 - PHYSICAL DESCRIPTION FIXED FIELD--GENERAL INFORMATION
fixed length control field cr ||| |||||
008 - FIXED-LENGTH DATA ELEMENTS--GENERAL INFORMATION
fixed length control field 090113s2000 ctu|||||sb||||001 0|eng|c
020 ## - INTERNATIONAL STANDARD BOOK NUMBER
International Standard Book Number 0300087004 (alk. paper)
020 ## - INTERNATIONAL STANDARD BOOK NUMBER
International Standard Book Number 9780300087154
020 ## - INTERNATIONAL STANDARD BOOK NUMBER
International Standard Book Number 9780300132984
020 ## - INTERNATIONAL STANDARD BOOK NUMBER
International Standard Book Number 0300087152 (pbk.)
035 ## - SYSTEM CONTROL NUMBER
System control number (CaPaEBR)ebr10210225
035 ## - SYSTEM CONTROL NUMBER
System control number (ALMA)991001027507703631
035 ## - SYSTEM CONTROL NUMBER
System control number (WaSeSS)ssj0000175208
035 ## - SYSTEM CONTROL NUMBER
System control number (WaSeSS)ssj0000175208
035 ## - SYSTEM CONTROL NUMBER
System control number (ALMA)993455039503662
035 ## - SYSTEM CONTROL NUMBER
System control number (EBZ)ebs591109e
035 ## - SYSTEM CONTROL NUMBER
System control number (EBZ)ebs591109e
035 ## - SYSTEM CONTROL NUMBER
System control number (ALMA)9919268681105121
035 ## - SYSTEM CONTROL NUMBER
System control number (EBZ)ebs591109e
035 ## - SYSTEM CONTROL NUMBER
System control number (EBZ)ebs591109e
035 ## - SYSTEM CONTROL NUMBER
System control number (EBZ)ebs591109e
035 ## - SYSTEM CONTROL NUMBER
System control number (ALMA)996951956903661
035 ## - SYSTEM CONTROL NUMBER
System control number (EBZ)ebs591109e
035 ## - SYSTEM CONTROL NUMBER
System control number (ALMA)991001001153903211
035 ## - SYSTEM CONTROL NUMBER
System control number (ALMA)999340560203663
035 ## - SYSTEM CONTROL NUMBER
System control number (EBZ)ebs591109e
035 ## - SYSTEM CONTROL NUMBER
System control number (ALMA)9921376030804996
035 ## - SYSTEM CONTROL NUMBER
System control number (WaSeSS)ssj0000175208
035 ## - SYSTEM CONTROL NUMBER
System control number (EBZ)ebs591109e
040 ## - CATALOGING SOURCE
Original cataloging agency CaPaEBR
Transcribing agency CaPaEBR
Description conventions a
041 ## - LANGUAGE CODE
Language code of text/sound track or separate title eng
050 #4 - LIBRARY OF CONGRESS CALL NUMBER
Classification number D204
080 ## - UNIVERSAL DECIMAL CLASSIFICATION NUMBER
Universal Decimal Classification number 94
Item number G-54
082 04 - DEWEY DECIMAL CLASSIFICATION NUMBER
Classification number 909.82
Edition number 21
084 ## - OTHER CLASSIFICATION NUMBER
Classification number K.5
Number source kssb/8 (machine generated)
100 1# - MAIN ENTRY--PERSONAL NAME
Personal name Glover, Jonathan
Relationship aut
245 10 - TITLE STATEMENT
Title Humanity
Medium [Elektronisk resurs]
Remainder of title a moral history of the twentieth century /
Statement of responsibility, etc. Jonathan Glover.
264 #1 - PRODUCTION, PUBLICATION, DISTRIBUTION, MANUFACTURE, AND COPYRIGHT NOTICE
Place of production, publication, distribution, manufacture New Haven, Conn.
Name of producer, publisher, distributor, manufacturer Yale Nota Bene,
Date of production, publication, distribution, manufacture, or copyright notice 2000
300 ## - PHYSICAL DESCRIPTION
Extent xii, 464 s.
Dimensions 24 cm.
500 ## - GENERAL NOTE
General note Originally published: London : J. Cape, 1999
504 ## - BIBLIOGRAPHY, ETC. NOTE
Bibliography, etc. note Includes bibliographical references (p. [415]-447) and index.
505 8# - FORMATTED CONTENTS NOTE
Formatted contents note pt. 1. Ethics without the moral law -- pt. 2. The moral psychological of waging war -- pt. 3. Tribalism -- pt. 4. War as a trap -- pt. 5. Belief and terror : Stalin and his years -- pt. 6. The will to create mankind anew : the Nazi experiment -- pt. 7. On the recent moral history of humanity.
533 ## - REPRODUCTION NOTE
Type of reproduction Electronic reproduction.
Place of reproduction Palo Alto, Calif.
Agency responsible for reproduction ebrary
Date of reproduction 2008.
650 #0 - SUBJECT ADDED ENTRY--TOPICAL TERM
Topical term or geographic name entry element History, Modern
Chronological subdivision 20th century
General subdivision Moral and ethical aspects.
650 #0 - SUBJECT ADDED ENTRY--TOPICAL TERM
Topical term or geographic name entry element History
9 (RLIN) 252
653 ## - INDEX TERM--UNCONTROLLED
Uncontrolled term ისტორია
653 ## - INDEX TERM--UNCONTROLLED
Uncontrolled term თანამედროვე ისტორია
655 #7 - INDEX TERM--GENRE/FORM
Genre/form data or focus term Electronic books.
Source of term local
942 ## - ADDED ENTRY ELEMENTS (KOHA)
Source of classification or shelving scheme
Koha item type Books
Holdings
Withdrawn status Lost status Source of classification or shelving scheme Damaged status Not for loan Permanent location Current location Date acquired Inventory number Total Checkouts Full call number Barcode Date last seen Price effective from Koha item type
          Ken Walker International University Ken Walker International University 12/02/2020 191   94 G-54 191 12/02/2020 12/02/2020 Books

Powered by Koha